Statistics for Most Popular First Names of US Presidents

Click here to take the quiz!

General Stats

  • This quiz has been taken 278 times
  • The average score is 5 of 6

Answer Stats

Number of PresidentsName% Correct
3George
97%
5John
97%
6James
93%
4William
90%
2Andrew
70%
2Franklin
61%

Score Distribution

Percentile by Number Answered

Percent of People with Each Score

Your Score History

You have not taken this quiz